[Glosario de cortes vacunos, porcinos y ovinos]
Este t͠il documento contiene los třminos comunes empleados en los cortes de carne de res, cerdo y oveja para diversos pas̕es (Argentina, Espaą, Brasil, Chile, Portugal, Estados Unidos, Reino Unido, Francia, Suiza, Alemania, Italia). Adems̀, proporciona varios nombres de cortes de carne bovina para...
Gardado en:
| Outros autores: | |
|---|---|
| Formato: | Libro |
| Idioma: | Lingua castelá |
| Subjects: | |
| Acceso en liña: | [Glosario de cortes vacunos, porcinos y ovinos] |
| Tags: |
Engadir etiqueta
Sen Etiquetas, Sexa o primeiro en etiquetar este rexistro!
|
MARC
| LEADER | 00000nam a22000004a 4500 | ||
|---|---|---|---|
| 001 | vpro81 | ||
| 005 | 20201223000000.0 | ||
| 008 | 120717s2005 ck # g## #001 0#spa#d | ||
| 020 | |||
| 022 | |||
| 040 | |a CO-BoINGC | ||
| 041 | 0 | |a spa | |
| 245 | 1 | 0 | |a [Glosario de cortes vacunos, porcinos y ovinos] |
| 246 | |a [Beef, pork and ovine cuts glossary] | ||
| 264 | |a Bogot ̀(Colombia) : |b Revista VirtualPRO, |c 2005 | ||
| 520 | 3 | |a Este t͠il documento contiene los třminos comunes empleados en los cortes de carne de res, cerdo y oveja para diversos pas̕es (Argentina, Espaą, Brasil, Chile, Portugal, Estados Unidos, Reino Unido, Francia, Suiza, Alemania, Italia). Adems̀, proporciona varios nombres de cortes de carne bovina para diversos pas̕es de Amřica Latina. | |
| 650 | \ | \ | |a Industrias agropecuarias |
| 650 | \ | \ | |a Glosario |
| 650 | \ | \ | |a Animal industry |
| 650 | \ | \ | |a Glossary |
| 650 | \ | \ | |a Agricultura |
| 650 | \ | \ | |a Industrias animales |
| 650 | \ | \ | |a Agriculture |
| 650 | \ | \ | |a Animal industries |
| 700 | \ | \ | |a Secretariat For Agriculture, Livestock Fisheries and Food |
| 856 | |z [Glosario de cortes vacunos, porcinos y ovinos] |u https://virtualpro.unach.elogim.com/biblioteca/-glosario-de-cortes-vacunos-porcinos-y-ovinos- | ||